| 000 | 00418nam a2200157 a 4500 | ||
|---|---|---|---|
| 005 | 20160405141058.0 | ||
| 008 | 070706s19uu xx 00 eng d | ||
| 020 | _a0-7239-0130-9 | ||
| 050 |
_aER _bDa11 1995 |
||
| 100 | _aBarber, Shirley | ||
| 245 |
_aDaphne: _bthe forgetful duck/ _cShirley Barber. |
||
| 260 |
_aEngland: _bKibort Books, _c1995. |
||
| 650 |
_2Rabits- _xFiction. |
||
| 942 | _2ddc | ||
| 999 |
_c105619 _d105619 |
||